Estadísticas para Estudio biologia

Haz click aquí para intentar la prueba.

Estadísticas generales

  • Esta prueba ha sido intentada 166 veces
  • La puntuación promedio es 16 de 23

Estadísticas de respuestas

Wena los cabrosRespuesta% Correcto
Número de cromosomas presentes en cada gameto humano23
87%
Material genético y hereditarioADN
87%
Unidad funcional del DNAGen
87%
Proceso mediante el cual una célula da origen a dos células exactamente igualesMitosis
87%
Proceso de división celular que origina células haploidesMitosis
87%
Proceso de división celular que mantiene constante el numero de cromosomasMitosis
87%
Representación de los cromosomas sexuales masculinosXY
87%
Representación de los cromosomas sexuales femeninosXY
87%
Proceso mediante el cual una célula da origen a 4 células que presentan cada una un miembro de cada par de cromosomas homólogosMeiosis
79%
Numero de cromosomas presentes en cada célula somática humana46
76%
Resulta de la interacción entre genotipo y medioambienteFenotipo
72%
Conjunto de carácteristicas de un individuoFenotipo
72%
Proteína que transporta gases respiratoriosHemoglobina
72%
Proteínas catalizadores de reacciones bioquímicasEnzimas
65%
Conjunto de genes de un individuoGenotipo
63%
Número de aminoácidos distintos20
62%
Monómero de las proteínasAminoacidos
57%
Proteínas que particpan en la defensa contra agentes extraños al organismoAnticuerpos
50%
Lugar donde ocurre la síntesis de proteínasRibosomas
50%
Unión covalente entre 2 aminoácidosEnlace peptidico
46%
Unión entre aminoácidosEnlace peptidico
46%
Proteína que participa en la coagulación sanguíneaFibrinogeno
32%
Función de las proteinas debido a su capacidad de captar y de ceder iones hidrógenosBuffer
18%

Distribución de puntuación

Porcentaje por número respondido

Porcentaje de gente con cada puntuación

Historial de tus puntuaciones

No has intentado esta prueba.